000 00598nam a2200229 i 4500
001 C2-0169292
003 PPAK
005 20180728091925.0
008 980723s1985 my |||| ||||| | may d
040 _aPPAK
_beng
_cPPAK
_erda
082 0 4 _a899.233
_2 23
090 0 0 _a899.233
_bKHA
_dKSA
100 0 _aKhadijah Hashim,
_eauthor
245 1 0 _aBila dan di mana
264 1 _aKuala Lumpur :
_b'K' Pub. ,
_c1985
300 _a199 pages ;
_c18 cm
336 _2rdacontent
_atext
337 _2rdamedia
_aunmediated
338 _2rdacarrier
_avolume
650 1 0 _aMalay fiction
942 _ddc
_cB
999 _c153306
_d153306